LEADER 01216nam a2200301 u 4500 001 000000043229 003 CaOOAMICUS 005 20070226114420.0 008 990323s1987 it u000 u ita u 020 $a8870304701 035 $a10817840 040 $aPUL(R)$bita 100 1 $aDi Giovanni, Alberto.$0(OLS)http://pul/name/1850 245 10$aAttualitą di Luigi Sturzo pensatore sociale e politico /$cAlberto di Giovanni. 260 $aMilano :$bMassimo,$cc1987. 300 $a271 p. ;$c22 cm 490 1 $aProblemi del nostro tempo ;$v70 500 $aContiene indici. 504 $aBibliografia in nota. 600 14$aSturzo, Luigi,$csac.,$d1871-1959.$0(OLS)http://pul/subject/829 830 0$aProblemi del nostro tempo ;$v70.$0(OLS)http://pul/title/927 850 $aPUL 852 $aPUL$W1$xDP1 Cons. Gen., Altre Classi 1$y22$m44 I 65$j58278$nBK-PRI$b $qStampati$B58278$CPULBib$Z2$F58278 $H $81 941 1 $a8 961 $aINV: 59294 996 $6020$a8870304701$9(OLS)http://pul/number/53901 996 $6245$aAttualitą di Luigi Sturzo pensatore sociale e politico$9(OLS)http://pul/title/58289 996 $6260$aMilano :$bMassimo$9(OLS)http://pul/publisher/48143 LEADER 01362nam a2200289 a 4500 001 000000140512 003 CaOOAMICUS 005 20141117155443.0 008 141117s2013 it bho m 001 u ita d 040 $aPUL$bita 100 1 $aPutti, Alberta Maria, 1971-$0(OLS)http://pul/name/90589 245 13$aIl difficile recupero dello spirito:$bpercorsi e luoghi teologici della pneumatologia nella tradizione latina del secondo millennio /$cAlberta Maria Putti. 260 $aRoma :$b[s.n.],$c2013. 300 $a242 p.$c24 cm 502 $aEstratto da Tesi di Dottorato--Pontificia Universitas Gregoriana, 2013. 504 $aBibliografia: p. [203]-231. 650 4$aPneumatologia.$0(OLS)http://pul/subject/18914 650 4$aTeologia trinitaria.$0(OLS)http://pul/subject/33274 710 2 $aPontificia Universitą Gregoriana.$bFacoltą di teologia.$kTesi.$0(OLS)http://pul/name/81592 850 $aPUL 852 $aPUL$W1$xDP1 Tesi Pon. Univ. Gregoriana$y40$m2013 B 48$j162329$qTesi$B161831$CPULBib$Z2$F161831 $82 941 1 $a16 960 $aTrinitą$933274 960 $aTrinitą$933274 996 $6245$aIl difficile recupero dello spirito:$bpercorsi e luoghi teologici della pneumatologia nella tradizione latina del secondo millennio$9(OLS)http://pul/title/177845 996 $6260$aRoma :$b[s.n.]$9(OLS)http://pul/publisher/47958